Mladá veda AIESA 2016 : participácia doktorandov a mladých vedeckých pracovníkov na budovaní spoločnosti založenej na vedomostiach zborník : 9. medzinárodná vedecká konferencia : 11. november 2016, Bratislava
Na minha lista:
| Corporate Authors: | , |
|---|---|
| Outros Autores: | , , |
| Formato: | Livro |
| Idioma: | eslovaco inglês |
| Publicado em: |
Bratislava
Vydavateľstvo EKONÓM
2016
|
| Edição: | 1. vyd. |
| Assuntos: | |
| Tags: |
Sem tags, seja o primeiro a adicionar uma tag!
|
MARC
| LEADER | 00000nlm a2200000 4500 | ||
|---|---|---|---|
| 001 | 0224339 | ||
| 005 | 20240502073656.1 | ||
| 020 | |a 978-80-225-4306-4 | ||
| 041 | 0 | |a slo | |
| 041 | 0 | |a eng | |
| 044 | |a SK | ||
| 245 | 1 | 0 | |a Mladá veda AIESA 2016 : participácia doktorandov a mladých vedeckých pracovníkov na budovaní spoločnosti založenej na vedomostiach |b zborník : 9. medzinárodná vedecká konferencia : 11. november 2016, Bratislava |c zostavenie zborníka: Erik Šoltés |
| 250 | |a 1. vyd. | ||
| 264 | 1 | |a Bratislava |b Vydavateľstvo EKONÓM |c 2016 | |
| 300 | |a CD-ROM [97 s., 6,8 AH] | ||
| 610 | 2 | 0 | |a spoločnosť vedomostná |
| 610 | 2 | 0 | |a dane z hodnoty pridanej |
| 610 | 2 | 0 | |a poisťovníctvo |
| 610 | 2 | 0 | |a štúdium vysokoškolské |
| 610 | 2 | 0 | |a matematika |
| 700 | 1 | |a Šoltés, Erik, 1974- | |
| 700 | 1 | |a Baštincová, Anna | |
| 700 | 1 | |a Cárachová, Magdaléna | |
| 110 | 2 | |a Mladá veda AIESA 2016 : participácia doktorandov a mladých vedeckých pracovníkov na budovaní spoločnosti založenej na vedomostiach. Medzinárodná vedecká konferencia | |
| 710 | 2 | |a Ekonomická univerzita v Bratislave. Fakulta hospodárskej informatiky | |